000 00366 a2200157 4500
001 59489
020 _a
040 _cAnchieta - Pituba
100 _aSansanovicz, Neuza Bilia
240 1 0 _aThe eighth grade competition
_lIng
245 1 0 _aThe eighth grade competition
300 _a16
362 0 _a2005
650 4 _aLiteratura juvenil em inglês
942 _cBK
999 _c59489
_d59489